LEADER 01153nam 2200337Ia 450 001 996396532303316 005 20200824132654.0 035 $a(CKB)4940000000056646 035 $a(EEBO)2240956314 035 $a(OCoLC)ocm12196239e 035 $a(OCoLC)12196239 035 $a(EXLCZ)994940000000056646 100 $a19850625d1643 uy | 101 0 $aeng 135 $aurbn||||a|bb| 200 02$aA Full relation of the great defeat given to the Cornish Cavalliers by Sergeant Major Generall Chudley$b[electronic resource] $econfirmed by divers letters from those parts to severall merchants in London 210 $aLondon $cPrinted for Edward Blackmore$dMay 31, 1643 215 $a[2], 6 p 300 $aSigned: W. N. 300 $aReproduction of original in Thomason Collection, British Library. 330 $aeebo-0158 701 $aW. N$01006506 801 0$bEAA 801 1$bEAA 801 2$bm/c 801 2$bUMI 801 2$bWaOLN 906 $aBOOK 912 $a996396532303316 996 $aA Full relation of the great defeat given to the Cornish Cavalliers by Sergeant Major Generall Chudley$92363401 997 $aUNISA LEADER 01264nam 2200349Ia 450 001 996386748603316 005 20200824132909.0 035 $a(CKB)4940000000081174 035 $a(EEBO)2248501454 035 $a(OCoLC)ocm13681796e 035 $a(OCoLC)13681796 035 $a(EXLCZ)994940000000081174 100 $a19860603d1664 uy | 101 0 $aeng 135 $aurbn||||a|bb| 200 12$aA briefe description of the whole world$b[electronic resource] $ewherein is particularly described all the monarchies, empires, and kingdoms of the same, with their academies, as also their severall titles and scituations thereunto adjoyning /$fwritten by the Reverend Father in God George Abbot .. 205 $aThe fifth edition. 210 $aLondon $cPrinted for Margaret Sheares ... and John Playfere ...$d1664 215 $a[2], 340 p 300 $aReproduction of original in Bodleian Library. 330 $aeebo-0014 606 $aGeography$vEarly works to 1800 615 0$aGeography 700 $aAbbot$b George$f1562-1633.$01002222 801 0$bEAA 801 1$bEAA 801 2$bm/c 801 2$bWaOLN 906 $aBOOK 912 $a996386748603316 996 $aA briefe description of the whole world$92308078 997 $aUNISA